Uomini e padri : l'oscura questione maschile /

Guardat en:
Dades bibliogràfiques
Autor principal: Lo Russo, Giuditta (Autor)
Format: Llibre
Idioma:italià
Publicat: Roma : Borla, 1995
Matèries:
Etiquetes: Afegir etiqueta
Sense etiquetes, Sigues el primer a etiquetar aquest registre!

MARC

LEADER 00000nam a22000007i 4500
001 IT\ICCU\LO1\0389655
003 ItRI
005 20260115231904.0
008 960308s1995 it |||||| ||||| |||||c
020 |a 8826311293 
040 |b ita  |c importazione bologna sebina 
041 7 |a ita  |2 ISO-639-2 
082 |a 306.8742  |9 Relazioni padre-figlio  |2 20 
100 1 |a Lo Russo, Giuditta  |0 IT\ICCU\CFIV\085936  |4 aut 
240 1 0 |a Uomini e padri  |3 IT\ICCU\RL1\0095046  |9 Lo Russo, Giuditta 
245 1 0 |a Uomini e padri :  |b l'oscura questione maschile /  |c Giuditta Lo Russo. 
260 |a Roma :  |b Borla,  |c 1995 
300 |a 231 p. ;  |c 21 cm. 
650 7 |a Paternità  |x Aspetti sociali  |2 scbi 
942 |2 ddc  |c BK  |n 0 
952 |0 0  |1 0  |4 0  |6 DOC_306_874000000000000_LOR  |7 0  |9 15461  |a BO  |b BO  |d 2026-01-15  |i 9658  |l 0  |o DOC 306.874 LOR  |p BO9658  |r 2026-01-15 23:19:04  |w 2026-01-15  |x [Sebina 5] [1 v.]  |y BK  |z 1 v. 
999 |c 13309  |d 13309